|
|
|
|
| LEADER |
00758nab a2200181 i 4500 |
| 001 |
acta56485 |
| 005 |
20260224081030.0 |
| 008 |
190114s2008 hu o 000 hun d |
| 022 |
|
|
|a 1787-4637
|
| 040 |
|
|
|a SZTE Egyetemi Kiadványok Repozitórium
|b hun
|
| 041 |
|
|
|a hun
|
| 100 |
1 |
|
|a Balogh Andrea P.
|
| 245 |
1 |
4 |
|a The im/possibility of native American identity in Louise Erdrich's love medicine
|h [elektronikus dokumentum] /
|c Balogh Andrea P.
|
| 260 |
|
|
|c 2008
|
| 490 |
0 |
|
|a Americana : E-Journal of American Studies in Hungary
|v 4 No. 2
|
| 695 |
|
|
|a Amerikai irodalom - regény - könyvismertetés, Nemzeti tudat - USA, Kisebbség - USA
|
| 700 |
0 |
1 |
|a Erdrich Louise
|
| 856 |
4 |
0 |
|u http://acta.bibl.u-szeged.hu/56485/2/americana_004_002_011/pbalogh.html
|z Dokumentum-elérés
|